Countries that Don't Use the Latin Alphabet (Officially) - Statistics

General Stats
  • This quiz has been taken 1,241 times
    1,054 since last reset
  • The average score is 36 of 45
Answer Stats
Country % Correct
China
96%
Russia
96%
Japan
95%
Iran
91%
Iraq
91%
South Korea
91%
North Korea
90%
Oman
89%
Saudi Arabia
89%
Yemen
89%
Egypt
88%
Algeria
87%
Israel
87%
Thailand
86%
Qatar
85%
Ukraine
85%
Laos
84%
Libya
84%
Morocco
84%
Syria
84%
Afghanistan
83%
Lebanon
83%
United Arab Emirates
83%
Bahrain
82%
Cambodia
81%
Jordan
81%
Tunisia
81%
Armenia
80%
Belarus
80%
Kuwait
79%
Mongolia
79%
Greece
78%
Georgia
77%
Myanmar
76%
Bhutan
75%
Nepal
75%
Taiwan
75%
Bulgaria
71%
Kyrgyzstan
70%
Tajikistan
70%
Bangladesh
69%
Ethiopia
66%
Sri Lanka
66%
Mauritania
61%
North Macedonia
52%
No matching quizzes found
Score Distribution
Percent of People with Each Score
Percentile by Number Answered
Your Score History
You have not taken this quiz since the last reset